Posudek znalce a podnik

Enregistré dans:
Détails bibliographiques
Auteur principal: Poláček, Bohumil
Autres auteurs: Attl, Jan
Format: Livre
Langue:tchèque
Publié: Praha C. H. Beck 2006
Collection:C.H. Beck pro praxi
Sujets:
Tags: Ajouter un tag
Pas de tags, Soyez le premier à ajouter un tag!

MARC

LEADER 00000nam$a2200000$$$4500
001 0054490
005 20240313090257.5
020 |a 80-7179-503-8 
041 0 |a cze 
044 |a CZ 
245 1 0 |a Posudek znalce a podnik  |c Bohumil Poláček, Jan Attl 
264 1 |a Praha  |b C. H. Beck  |c 2006 
300 |a 184 s. 
490 1 |a C.H. Beck pro praxi 
830 0 |a C.H. Beck pro praxi 
610 2 0 |a podnik 
610 2 0 |a oceňovanie 
610 2 0 |a znalci 
610 2 0 |a vedomosti 
610 2 0 |a ekonómia 
610 2 0 |a právo 
610 2 0 |a hodnota podniku 
610 2 0 |a posudky znalecké 
610 2 0 |a arbitráž obchodná medzinárodná 
610 2 0 |a zákonník obchodný 
610 2 0 |a spoločnosti obchodné 
610 2 0 |a spoločnosti komanditné 
610 2 0 |a spoločnosti s r.o. 
610 2 0 |a spoločnosti akciové 
610 2 0 |a družstvá 
610 2 0 |a organizácie medzinárodné 
610 2 0 |a história 
610 2 0 |a vývoj 
610 2 0 |a fúzie 
610 2 0 |a úpravy právne 
610 2 0 |a porovnanie medzinárodné 
610 2 0 |a Európa 
100 1 |a Poláček, Bohumil 
700 1 |a Attl, Jan